All Cities in Southern California - Statistics

General Stats
  • This quiz has been taken 1,035 times
  • The average score is 86 of 217
Answer Stats
County Incorporated City % Correct
San Diego San Diego
91%
Los Angeles Los Angeles
87%
Orange Anaheim
81%
Riverside Riverside
80%
Orange Orange
79%
Santa Barbara Santa Barbara
78%
Orange Irvine
77%
Los Angeles Long Beach
77%
Los Angeles Pasadena
77%
San Bernardino San Bernardino
75%
Orange Santa Ana
75%
Los Angeles Santa Monica
75%
Orange Huntington Beach
71%
Ventura Ventura
70%
Los Angeles Compton
69%
San Diego Chula Vista
68%
Los Angeles Glendale
68%
Riverside Palm Springs
68%
Riverside Corona
67%
Los Angeles Burbank
65%
Ventura Oxnard
65%
Los Angeles Malibu
63%
Orange Newport Beach
62%
San Diego Oceanside
61%
Los Angeles Santa Clarita
61%
Los Angeles Inglewood
60%
Riverside Temecula
60%
Orange Fullerton
58%
Imperial Imperial
58%
San Bernardino Ontario
58%
Los Angeles Palmdale
58%
San Bernardino Rancho Cucamonga
58%
Los Angeles Beverly Hills
57%
San Diego Carlsbad
57%
Los Angeles Pomona
57%
Ventura Thousand Oaks
57%
Los Angeles Torrance
57%
Riverside Moreno Valley
56%
Los Angeles Lancaster
55%
San Bernardino Chino
54%
San Bernardino Fontana
54%
Orange Laguna Beach
54%
San Bernardino Victorville
54%
Los Angeles West Covina
53%
Los Angeles Covina
51%
San Diego Escondido
51%
Los Angeles Downey
50%
Riverside Indio
50%
Los Angeles Redondo Beach
49%
Los Angeles El Monte
48%
Orange Garden Grove
48%
Orange San Clemente
48%
San Bernardino Barstow
47%
Los Angeles Calabasas
47%
Imperial Calexico
47%
San Diego El Cajon
47%
Los Angeles Manhattan Beach
47%
Los Angeles Alhambra
46%
Los Angeles Carson
46%
San Bernardino Chino Hills
46%
Orange Costa Mesa
46%
Los Angeles San Fernando
46%
Santa Barbara Santa Maria
46%
Orange Tustin
46%
Los Angeles West Hollywood
46%
Ventura Simi Valley
45%
Orange Yorba Linda
45%
Los Angeles Arcadia
44%
Los Angeles Norwalk
44%
Los Angeles San Dimas
44%
Los Angeles Whittier
44%
Los Angeles Bell
43%
Orange Laguna Niguel
43%
San Bernardino Apple Valley
42%
Orange Buena Park
42%
Los Angeles Diamond Bar
42%
Orange Mission Viejo
42%
Riverside Palm Desert
42%
San Bernardino Redlands
42%
San Bernardino Rialto
42%
Orange San Juan Capistrano
42%
Los Angeles Azusa
41%
Imperial El Centro
41%
Riverside Hemet
41%
San Diego San Marcos
41%
Orange Seal Beach
41%
Orange Brea
40%
Los Angeles Cerritos
40%
Los Angeles Claremont
40%
Orange Dana Point
40%
San Bernardino Hesperia
40%
San Diego Coronado
39%
Los Angeles Culver City
39%
Los Angeles Gardena
39%
Los Angeles Hawthorne
39%
Riverside Perris
39%
Ventura Camarillo
38%
Riverside Coachella
38%
Riverside Jurupa Valley
38%
Orange Westminster
38%
Los Angeles Glendora
37%
Los Angeles Huntington Park
37%
Los Angeles Industry
37%
Orange Laguna Hills
37%
Orange La Habra
37%
Los Angeles Lakewood
37%
Riverside Murrieta
37%
Los Angeles Southgate
37%
San Diego Encinitas
36%
Riverside Lake Elsinore
36%
San Bernardino Upland
36%
San Diego Vista
36%
Los Angeles Bellflower
35%
Los Angeles La Cañada Flintridge
35%
Los Angeles Rancho Palos Verdes
35%
Los Angeles San Gabriel
35%
Los Angeles South Pasadena
35%
Los Angeles Baldwin Park
34%
San Diego Del Mar
34%
Los Angeles El Segundo
34%
Los Angeles Lynwood
34%
San Diego National City
34%
Ventura Ojai
34%
San Diego Poway
34%
San Diego Imperial Beach
33%
Orange Lake Forest
33%
Los Angeles Montebello
33%
Los Angeles Monterey Park
33%
San Bernardino Needles
33%
Orange Aliso Viejo
32%
Riverside Beaumont
32%
Los Angeles Bell Gardens
32%
Los Angeles Commerce
32%
Los Angeles Duarte
32%
Los Angeles Hermosa Beach
32%
Los Angeles Monrovia
32%
Orange Placentia
32%
Los Angeles Rosemead
32%
Los Angeles Walnut
32%
San Bernardino Yucaipa
32%
Los Angeles Agoura Hills
31%
Orange Fountain Valley
31%
Los Angeles La Verne
31%
Riverside Blythe
30%
San Diego La Mesa
30%
Los Angeles La Mirada
30%
Riverside Menifee
30%
Los Angeles Palos Verdes Estates
30%
Los Angeles Pico Rivera
30%
Orange Rancho Santa Margarita
30%
Los Angeles Rolling Hills
30%
Los Angeles San Marino
30%
Los Angeles Santa Fe Springs
30%
Los Angeles Signal Hill
30%
San Bernardino Twentynine Palms
30%
Imperial Brawley
29%
Riverside Cathedral City
29%
Santa Barbara Goleta
29%
Santa Barbara Lompoc
29%
Riverside Norco
29%
Riverside Banning
28%
San Bernardino Colton
28%
Los Angeles Hawaiian Gardens
28%
Orange Laguna Woods
28%
San Bernardino Montclair
28%
Los Angeles Paramount
28%
San Diego Santee
28%
Santa Barbara Solvang
28%
Los Angeles Artesia
27%
San Bernardino Big Bear Lake
27%
Orange Cypress
27%
San Bernardino Highland
27%
Ventura Moorpark
27%
San Diego Solana Beach
27%
Los Angeles South El Monte
27%
Santa Barbara Carpinteria
26%
Riverside Eastvale
26%
Los Angeles Irwindale
26%
Los Angeles La Puente
26%
Riverside La Quinta
26%
Los Angeles Lawndale
26%
Riverside San Jacinto
26%
Los Angeles Temple City
26%
Los Angeles Westlake Village
26%
San Bernardino Loma Linda
25%
Riverside Rancho Mirage
25%
Ventura Santa Paula
25%
Orange Stanton
25%
Los Angeles Vernon
25%
Los Angeles Cudahy
24%
Los Angeles Rolling Hills Estates
24%
San Bernardino Yucca Valley
24%
Ventura Fillmore
23%
Los Angeles Hidden Hills
23%
San Diego Lemon Grove
23%
Orange Los Alamitos
23%
Los Angeles Maywood
23%
Ventura Port Hueneme
23%
San Bernardino Adelanto
22%
Los Angeles Avalon
22%
Riverside Desert Hot Springs
22%
Orange La Palma
22%
Los Angeles Lomita
22%
Los Angeles La Habra Heights
21%
Los Angeles Sierra Madre
21%
Orange Villa Park
21%
Riverside Wildomar
20%
Los Angeles Bradbury
19%
Riverside Calimesa
19%
Riverside Indian Wells
19%
Santa Barbara Buellton
18%
Imperial Calipatria
17%
San Bernardino Grand Terrace
16%
Imperial Holtville
16%
Santa Barbara Guadalupe
15%
Imperial Westmorland
14%
Riverside Canyon Lake
12%
No matching quizzes found
Score Distribution
Percent of People with Each Score
Percentile by Number Answered
Your Score History
You have not taken this quiz